| 000 | 00393pab a2200157 454500 | ||
|---|---|---|---|
| 008 | 180718b1983 xxu||||| |||| 00| 0 eng d | ||
| 100 | _aSUbrahmanyam, G. | ||
| 245 |
_aWhy the salaried opt for LIC policies _bA survey |
||
| 260 | _c1983 | ||
| 300 | _a5 | ||
| 362 | _a2 Feb. | ||
| 650 | _aInsurance, Life - India | ||
| 700 | _aB. Ramakrishna | ||
| 773 | _aBusiness Standard | ||
| 909 | _a11073 | ||
| 999 |
_c11073 _d11073 |
||